000 00615nam a2200181 a 4500
001 000037234
005 20200930080228.0
008 120315s2011 sp 000 0 spa d
040 _aDO-SdBNP
_bspa
_cBNPHU
082 _axxxx
_bxxxx
100 1 _aClaro Delgado, Manuel
_963650
245 1 0 _aEjército y sociedad en centroamérica en el siglo XVIII /
_cManuel Claro Delgado.
260 _aEspaña :
_bMinisterio de defensa,
_c2011.
300 _a895 p. ;
_c24 cm.
500 _aIncluye índices
504 _aBibliografía : p. 879-888
504 _aIncluye referencias bibliográficas y notas al pie de las páginas
999 _c36724
_d36724